00981cam a2200289I 450000100060000000300080000600500170001400800410003103500170007203500200008903500170010904000320012604100080015808200210016609000170018709900150020410000490021924500570026826000520032530000290037750400500040665000450045694200120050194900210051399900170053495201400055134278BD-RjUL20211209052131.0140515t1962 nyua b 001 0 eng d aMITb10437646 a(BD-RjUL) 34372 aGLIS00437646 aDLCcWSUdBD-RjULdOCLbeng aeng04a301.36bANU 1962 aHT123b.A569 aHT123.A5691 aAndrews, Richard B.q(Richard Bruce)910421110aUrban growth and development :ba problem approach / aNew York :bSimmons-Boardman Pub. Corp.,c1962. a420 p. :bill. ;c22 cm. aIncludes bibliographical reference and index. 0aCities and townszUnited States.9104212 2ddccBK aMYGRaMYGDaMYGR c34278d34278 00102ddc40718NFICaRUCLbRUCLcReadingd1964-10-14eMirza Bookg45.00l0o301.36 ANU 1962r2014-05-15 00:00:00tC-1w2021-12-09yBK